01218nam a2200241 a 450000100100000000500170001000800410002704000250006804100130009308200130010610000340011924501850015324600700033826000750040830000280048350000260051170000360053770000320057395201260060595201110073195201170084299900170095900003595120200930074740.0111121s1996 dr ac 000 0 spa d aDO-SdBNPbspacBNPHU17aspabeng axxbF9351 aMcKenna, Nancy Durrell96197713aLa frontera :bun viaje fotográfico hecho por FUDECO en la República Dominicana /cNancy Durrell McKenna ; introducción Horacio J. Ornes Heded ; prefacio, Bernd V. Dreesmann.1 aViaje fotográfico hecho por FUDECO en la República Dominicana aSanto Domingo :bFundación para el Desarrollo Comunitario,c[1996?]. a170 p. (retr) ;c21 cm. aTextos en dos idiomas1 aOrnes Heded, J.eintrod.9619781 aDreesmann, Bernd V.,961979 001154708DSaGRbGRcMId2013-04-22iLF1l0oxx F935p35951-30r2020-06-25te. 3w2020-06-25yLFDSZPréstamo en sala 0010718PDaPDbPDcHDd2011-11-21iLF1l0oxx F935p35951-10r2020-06-25w2020-06-25yLFPDZNo se presta 0010718PDaPDbPDcCTd2011-11-21iLF1l0oxx F935p35951-20r2020-06-25te. 2w2020-06-25yLFPDZNo se presta c35442d35442